Culture Générale - Série 2508 - Statistiques

Statistiques générales
  • Ce quiz a été pris 110 fois
  • Le résultat moyen est 4 sur 10
Statistiques - réponses
Question Réponse % Correct
Ce mot désignant jadis un escargot peut s'appliquer à un escalier ? colimaçon
77%
Randonnée pédestre dans des régions montagneuses difficilement accessibles (anglicisme) trekking
77%
Quel nom de volatile est employé dans une expression pour désigner une personne qui se fait duper par les autres ? dindon
49%
Dans quelle ville ont lieu chaque année les chorégies (festival d’opéra et de musique classique) ? Orange
46%
Émanation s'exhalant du corps des êtres vivants, des fleurs, des aliments - 7 lettres commençant par " e " effluve
32%
Mer bordière baignant les côtes occidentales du Finistère, en Bretagne. Iroise
32%
Instrument de musique à vent ovoïde, ressemblant à une tête d'oie ocarina
31%
Quel mot de 10 lettres synonyme de "décliner,dépérir" signifie "Aller à sa ruine, à sa fin" ? péricliter
30%
De quel poète français Jeanne Duval était-elle la muse ? prénom et nom Charles Baudelaire
16%
Dans quel département se trouve la commune de Lachaise-Dieu où se déroule chaque année un festival de musique sacrée ? voir photo Haute Loire
15%
Aucun quiz correspondant
Distribution des résultats
% des personnes avec chaque résultat
Percentile par nombre de réponses
Votre historique - résultats
Vous n’avez pas pris ce quiz